Ecology : (Record no. 3944)
[ view plain ]
| 000 -LEADER | |
|---|---|
| fixed length control field | 00748cam a2200229 4500 |
| 001 - CONTROL NUMBER | |
| control field | 4753 |
| 005 - DATE AND TIME OF LATEST TRANSACTION | |
| control field | 20181127174027.0 |
| 008 - FIXED-LENGTH DATA ELEMENTS--GENERAL INFORMATION | |
| fixed length control field | 050211s2006 mauab b 001 0 eng |
| 010 ## - LIBRARY OF CONGRESS CONTROL NUMBER | |
| LC control number | 2005004136 |
| 020 ## - INTERNATIONAL STANDARD BOOK NUMBER | |
| International Standard Book Number | 1405111178 (pbk. : alk. paper) |
| International Standard Book Number | 9781405111171 (pbk. : alk. paper) |
| 042 ## - AUTHENTICATION CODE | |
| Authentication code | pcc |
| 100 1# - MAIN ENTRY--PERSONAL NAME | |
| Personal name | Begon, Michael. |
| 245 10 - TITLE STATEMENT | |
| Title | Ecology : |
| Remainder of title | from individuals to ecosystems / |
| Statement of responsibility, etc. | Michael Begon, Colin R. Townsend, John L. Harper. |
| 250 ## - EDITION STATEMENT | |
| Edition statement | 4th ed. |
| 260 ## - PUBLICATION, DISTRIBUTION, ETC. | |
| Place of publication, distribution, etc. | Malden, MA : |
| Name of publisher, distributor, etc. | Blackwell Pub., |
| Date of publication, distribution, etc. | 2006. |
| 300 ## - PHYSICAL DESCRIPTION | |
| Extent | xii, 738 p. : |
| Other physical details | col. ill., col. maps ; |
| Dimensions | 27 cm. |
| 504 ## - BIBLIOGRAPHY, ETC. NOTE | |
| Bibliography, etc. note | Includes bibliographical references (p. [659]-700) and index. |
| 650 #0 - SUBJECT ADDED ENTRY--TOPICAL TERM | |
| Topical term or geographic name entry element | Ecology. |
| 700 1# - ADDED ENTRY--PERSONAL NAME | |
| Personal name | Harper, John L. |
| Personal name | Townsend, Colin R. |
| Withdrawn status | Lost status | Source of classification or shelving scheme | Damaged status | Not for loan | Collection code | Home library | Current library | Shelving location | Serial Enumeration / chronology | Inventory number | Total Checkouts | Full call number | Barcode | Date last seen | Copy number | Price effective from | Koha item type | Date acquired | Date last checked out |
|---|---|---|---|---|---|---|---|---|---|---|---|---|---|---|---|---|---|---|---|
| Dewey Decimal Classification | Main TEST | RTC Library | RTC Library | Main opac | 7632 | 577 BEG | 30007777 | 27/11/2018 | 2 | 27/11/2018 | Main | ||||||||
| Dewey Decimal Classification | Main TEST | RTC Library | RTC Library | Main opac | 7633 | 577 BEG | 30007766 | 27/11/2018 | 1 | 27/11/2018 | Main | ||||||||
| Dewey Decimal Classification | Main TEST | RTC Library | RTC Library | Main opac | 7477 | 1 | 577 BEG | 30007597 | 19/05/2025 | 2 | 27/11/2018 | Main | 18/02/2025 | 18/02/2025 | |||||
| Dewey Decimal Classification | Main TEST | RTC Library | RTC Library | Main opac | 7467 | 577 BEG | 30007478 | 27/11/2018 | 1 | 27/11/2018 | Main |